| 000 | 00843nam a22002657a 4500 | ||
|---|---|---|---|
| 005 | 20170124105919.0 | ||
| 010 | _aA-596998 | ||
| 020 |
_c00 _a817024529 |
||
| 035 | _aA-596998 | ||
| 037 | _bCen Lib/Ret | ||
| 040 |
_aDPL _bEN |
||
| 082 | _a305.489654 | ||
| 100 |
_aKitchlu, T.N. _93655 |
||
| 245 |
_aWidow in india / _cby T.N. Kitchlu |
||
| 246 | _b | ||
| 260 |
_bAshish Publishing House _aNew Delhi _c1993 |
||
| 270 |
_bNew Delhi _a8/81, panjabi bagh _e110026 |
||
| 300 |
_axxviii, 341p. _c21cm(Hb) |
||
| 500 | _aIncludes appendix, bibliographical references and index | ||
| 650 |
_aSocial Sciences _93656 |
||
| 650 |
_aSocial structures _93657 |
||
| 650 |
_aसामाजिक विज्ञान _9442 |
||
| 650 |
_a सामाजिक संरचना _9239 |
||
| 942 |
_2ddc _cEN _h305.489544 _mKIT |
||
| 999 |
_c123013 _d123013 |
||